Online Catalogue and eLibrary

Capital and peasant production (Record no. 2777)

MARC details
000 -LEADER
fixed length control field 00509nam a2200169Ia 4500
005 - DATE AND TIME OF LATEST TRANSACTION
control field 20240521050820.0
008 - FIXED-LENGTH DATA ELEMENTS--GENERAL INFORMATION
fixed length control field 240331s9999 xx 000 0 und d
082 ## - DDC Classification
Item Number - Author Mark CAP
Class No. 338.1
245 #0 - TITLE STATEMENT
Title Capital and peasant production
Remainder of title Studies in the continuity and discontinuity of agrarian structures in Sri Lanka
250 ## - EDITION STATEMENT
Edition statement 1 St
260 ## - PUBLICATION, DISTRIBUTION, ETC.
Place of publication, distribution, etc. Colombo
Name of publisher, distributor, etc. Social Scientists Association
Date of publication, distribution, etc. 1985
300 ## - PHYSICAL DESCRIPTION
Extent (e.g. Volumes, Pages etc.) xiv, 230 p .,
650 ## - SUBJECT ADDED ENTRY--TOPICAL TERM
Topical term or geographic name entry element Social
650 ## - SUBJECT ADDED ENTRY--TOPICAL TERM
Topical term or geographic name entry element Economic
700 ## - ADDED ENTRY--PERSONAL NAME
Personal name Abeysekera, Charles
Relator term (Role) Editor
942 ## - Koha item type (Biblio)
Koha item type Books in Stacks (Lending)
Holdings
Lost status Damaged status Collection code Home library Current library Shelving location Date acquired Full call number Accession Number Item type
    Lending WERC Library WERC Library Social Science Cupboard 03/31/2024 338.1 CAP 59 Books in Stacks (Lending)

© WERC Library